Online
Catalog

De la métrica en Rubén Darío / (Record no. 8931)

MARC details
000 -CABECERA
campo de control de longitud fija 00704nam a2200205 a 4500
001 - NÚMERO DE CONTROL
campo de control 000009167
005 - FECHA Y HORA DE LA ÚLTIMA TRANSACCIÓN
campo de control 20200929161515.0
008 - DATOS DE LONGITUD FIJA--INFORMACIÓN GENERAL
campo de control de longitud fija 090928s1955 dr r 000 0 spa d
040 ## - FUENTE DE LA CATALOGACIÓN
Centro catalogador/agencia de origen DO-SdBNP
Lengua de catalogación spa
Centro/agencia transcriptor BNPHU
082 ## - NÚMERO DE LA CLASIFICACIÓN DECIMAL DEWEY
Número de clasificación RD861.3
Número de documento/Ítem D218S
100 1# - ENTRADA PRINCIPAL--NOMBRE DE PERSONA
Nombre de persona Sánchez, Juan Fco.
-- 1867-1916
9 (RLIN) 12770
245 10 - MENCIÓN DE TÍTULO
Título De la métrica en Rubén Darío /
Mención de responsabilidad, etc. Juan Fco. Sánchez.
260 ## - PUBLICACIÓN, DISTRIBUCIÓN, ETC.
Lugar de publicación, distribución, etc. Ciudad Trujillo, República Dominicana :
Nombre del editor, distribuidor, etc. Pol Hermanos,
Fecha de publicación, distribución, etc. 1955.
300 ## - DESCRIPCIÓN FÍSICA
Extensión 64 p. ;
Dimensiones 17 cm.
590 ## - NOTA LOCAL (RLIN)
Nota local Inventariado, 2018/ YL
600 14 - PUNTO DE ACCESO ADICIONAL DE MATERIA--NOMBRE DE PERSONA
Nombre de persona DÁRIO, RÚBEN
Subdivisión general CRÍTICA E INTERPRETACIÓN
9 (RLIN) 23840
650 #4 - PUNTO DE ACCESO ADICIONAL DE MATERIA--TÉRMINO DE MATERIA
Término de materia o nombre geográfico como elemento de entrada Poesía nicaraguense
9 (RLIN) 8179
650 #4 - PUNTO DE ACCESO ADICIONAL DE MATERIA--TÉRMINO DE MATERIA
Término de materia o nombre geográfico como elemento de entrada Literatura nicaraguense
9 (RLIN) 8180
910 ## - DATOS DE OPCIÓN DEL USUARIO (OCLC)
Datos de opción del usuario Validado. Control de calidad MFF
Holdings
Estado de retiro Estado de pérdida Restricciones de uso No para préstamo Código de colección Localización permanente Ubicación/localización actual Ubicación en estantería Fecha de adquisición Número de inventario Total de préstamos Signatura topográfica completa Código de barras Fecha visto por última vez Precio válido a partir de Tipo de ítem Koha
      Excluido de préstamo Raros y valiosos Patrimonio Dominicano Patrimonio Dominicano Depósito 28.09.2009 LF1   RD861.3 D218S 9167-10 25.06.2020 25.06.2020 No se presta

Powered by Koha